LEADER 00617nam a2200181 i 4500 001 000000006676 003 CaOOAMICUS 005 20260529130049.0 008 180830s1975 it u000 u ita u 040 $aSeMil$bita 245 10$a4: L'età moderna. 500 $a2 v. 650 4$aPolitica - Teorie - Età moderna.$0(OLS)http://semarc/subject/1045 773 0 $tStoria delle idee politiche economiche e sociali.$dTorino : UTET, 1972-1980.$w()6674 774 0 $tTomo primo.$z88-02-03518-0$w()103354 774 0 $tTomo secondo.$w()103355 996 $6245$a4: L'età moderna$9(OLS)http://semarc/title/459976